000
00312nam a22001337a 4500
020
_q
HB.
040
_c
FIZZA ISHAQ
082
_a
519.4
_b
ROB
100
_a
SEDGEWICK,ROBERT.
_9
56482
245
_a
ALGORITHMS /
_c
ROBERT SEDGEWICK.
260
_a
LONDON ;
_b
PEARSON,
_c
2011.
300
_a
955 P. ;
942
_2
ddc
_c
BK
999
_c
589208
_d
589208